Desperate Housewives by Other TV Shows Quiz Stats

 Plays Quiz not verified by Sporcle

Challenge
Share
Tweet
Score 0/17 Timer 02:00
0 Plays Today
% Correct
Teri Hatcher
75%
Dana Delany
72.9%
Eva Longoria
58.3%
Vanessa Williams
56.3%
Felicity Huffman
50%
Jesse Metcalfe
50%
Doug Savant
45.8%
Kyle MacLachlan
45.8%
Marcia Cross
41.7%
% Correct
Brenda Strong
29.2%
James Denton
27.1%
Nicollette Sheridan
25%
Ricardo Chavira
8.3%
Kathryn Joosten
8.3%
Mark Moses
8.3%
Roger Bart
4.2%
Alfre Woodard
2.1%

You're not logged in!

Compare scores with friends on all Sporcle quizzes.
Join for Free
OR
Log In

You Might Also Like...

Show Comments

Extras

Created May 30, 2017ReportNominate
Tags:Desperate Housewives

Top Quizzes Today


Score Distribution

Your Account Isn't Verified!

In order to create a playlist on Sporcle, you need to verify the email address you used during registration. Go to your Sporcle Settings to finish the process.

Report this User

Report this user for behavior that violates our Community Guidelines.

Details: